000 00366pab a2200157 454500
008 180718b2009 xxu||||| |||| 00| 0 eng d
100 _aJetley, Vijay Kumar
245 _aPeacekeeping by regional organisations
260 _c2009
300 _ap.378-91.
362 _aJul-Sep
650 _aPeacekeeping
773 _aUSI Journal
908 _aN
909 _a84872
999 _c84872
_d84872